| 000 | 00000nas 2200000zi 4500 |
| 001 | 9.507870 |
| 003 | CaOODSP |
| 005 | 20240524094654 |
| 006 | m o d f |
| 007 | cr ||||||||||| |
| 008 | 150406c2010 quchu p o f0 a0eng|d |
| 022 | |a2368-0547 |
| 040 | |aCaOODSP|beng|erda|cCaOODSP |
| 043 | |an-cn--- |
| 086 | 1 |aEn1-55/1E-PDF|zEn1-55/1-2013E-PDF |
| 110 | 1 |aCanada. |bEnvironment and Climate Change Canada, |eauthor, |eissuing body. |
| 245 | 14|aThe federal sustainable development strategy ... management framework. |
| 246 | 33|aManagement framework for the federal sustainable development strategy ... |
| 264 | 1|aGatineau, Quebec : |bEnvironment and Climate Change Canada = Environnement et changement climatique Canada, |c[2010]- |
| 310 | |aTriennial |
| 336 | |atext|btxt|2rdacontent |
| 337 | |acomputer|bc|2rdamedia |
| 338 | |aonline resource|bcr|2rdacarrier |
| 362 | 1 |aBegan with 2010? |
| 500 | |aIssued also in French under title: Cadre de gestion de la stratégie fédérale de développement durable de ... |
| 550 | |aIssued by Environment Canada before 2015. |
| 610 | 10|aCanada. |bEnvironment and Climate Change Canada|xPlanning|vPeriodicals. |
| 650 | 0|aAdministrative agencies|xEnvironmental aspects|zCanada|vPeriodicals. |
| 650 | 0|aSustainable development|xGovernment policy|zCanada|vPeriodicals. |
| 650 | 0|aEnvironmental policy|zCanada|vPeriodicals. |
| 655 | 7|aPeriodicals|2lcgft |
| 775 | 08|tCadre de gestion de la stratégie fédérale de développement durable de ... |w(CaOODSP)9.504248 |